000
00330nam a2200145Ia 4500
100
_a
AICTE
942
_c
BK
654
_a
Computer
245
_a
Desk Top Publishing C-NO : 516
260
_b
Continuing Education Programmer AICTE
_a
Bangalore
_c
1996
082
_a
70
_b
AICTE
300
_a
52
546
_a
ENGLISH
999
_c
29416
_d
29416